000 00637nam a22002177a 4500
999 _c3566
_d3566
001 3566
003 BD-JhCC
005 20171114210206.0
008 171114s1985 bg |||| |||| 000 0 ben d
035 _a(BD-JhCC)3566
040 _aBD-JhCC
_dBD-JhCC
041 _aben
082 _a111.1
_bHAR 1985
100 _aহারুন, শরীফ
245 _aঅস্তিত্ববাদ /
_cশরীফ হারুন
260 _aঢাকা :
_bবাংলা একাডেমী,
_c১৯৮৫.
300 _a১০৩ পৃ . :
_c১৮ সেমি.
650 _aExistentialism
942 _2ddc
_cBK